Sports Quiz

Random Sports or Football Quiz

QBs with Multiple Superbowl Wins Quiz Stats

 Plays Quiz not verified by Sporcle

Challenge
Share
Tweet
Embed
Score 0/10 Timer 03:00
0 Plays Today
Number of SB wins QB % Correct
3Tom Brady
98.1%
4Joe Montana
97.8%
4Terry Bradshaw
93.1%
3Troy Aikman
90.3%
2Ben Roethlisberger
89.7%
2John Elway
85.9%
2Bart Starr
85.9%
2Roger Staubach
76.2%
2Bob Griese
57.1%
2Jim Plunkett
49.2%

You're not logged in!

Compare scores with friends on all Sporcle quizzes.
OR
Log In

You Might Also Like...

Show Comments

Extras

Top Quizzes Today


Score Distribution

Your Account Isn't Verified!

In order to create a playlist on Sporcle, you need to verify the email address you used during registration. Go to your Sporcle Settings to finish the process.

Report this User

Report this user for behavior that violates our Community Guidelines.

Details: